Modern valuation techniques and micro computers (sound recording) (Record no. 85297)

MARC details
000 -LEADER
fixed length control field 00945cgm a2200265 4500
001 - CONTROL NUMBER
control field B3207
008 - FIXED-LENGTH DATA ELEMENTS--GENERAL INFORMATION
fixed length control field 090401t1988 xxu||||| |||| 00| 0 eng d
035 ## - SYSTEM CONTROL NUMBER
System control number (Sirsi) u54727
041 ## - LANGUAGE CODE
Language code of text/sound track or separate title eng
050 ## - LIBRARY OF CONGRESS CALL NUMBER
Classification number 333.332
100 ## - MAIN ENTRY--PERSONAL NAME
Personal name Dixon, Tim
245 ## - TITLE STATEMENT
Title Modern valuation techniques and micro computers (sound recording)
260 ## - PUBLICATION, DISTRIBUTION, ETC.
Place of publication, distribution, etc. London
Name of publisher, distributor, etc. Royal Institution of Chartered Surveyors
Date of publication, distribution, etc. 1988
300 ## - PHYSICAL DESCRIPTION
Extent 1 sound cassette (60 min.)
350 ## - PRICE (NR) (BK AM CF MU VM SE) [OBSOLETE]
Price 10
490 ## - SERIES STATEMENT
Series statement Owlion Audio Programme
520 ## - SUMMARY, ETC.
Summary, etc. Published jointly with the College of Estate Management . Discusses conventional valuation techniques as applied to commercial property investments plus alternative valuation methods. The role of microcomputers and software are also examined.
650 ## - SUBJECT ADDED ENTRY--TOPICAL TERM
Topical term or geographic name entry element AUDIO CASSETTES
700 ## - ADDED ENTRY--PERSONAL NAME
Personal name Mackmin, David
700 ## - ADDED ENTRY--PERSONAL NAME
Personal name Hickson, Ron
700 ## - ADDED ENTRY--PERSONAL NAME
Personal name Lochrane, Charles
700 ## - ADDED ENTRY--PERSONAL NAME
Personal name Gilbert, Michael
942 ## - ADDED ENTRY ELEMENTS (KOHA)
Suppress in OPAC 0
948 ## - LOCAL PROCESSING INFORMATION (OCLC); SERIES PART DESIGNATOR (RLIN)
c (OCLC) 04/03/1997
Holdings
Withdrawn status Lost status Source of classification or shelving scheme Damaged status Not for loan Home library Current library Shelving location Date acquired Cost, normal purchase price Total Checkouts Full call number Barcode Date last seen Date last checked out Copy number Cost, replacement price Price effective from Koha item type
    Dewey Decimal Classification     London London Basement 06/02/2003 15.00 5 SHELF 330 30068355 06/08/2019 21/07/2005 1 15.00 06/08/2019 Audio